000
00293nam a22001217a 4500
008
160504b xxu||||| |||| 00| 0 eng d
020
_a
9780060844264
020
_a
0060844264
041
_a
eng
080
_a
61
245
_a
Living well with endometriosis:
_c
Kerry Ann Morris;
942
_2
udc
_c
BK
999
_c
1770
_d
1770